=LDR 00000nam 2200000 4500 =001 INLIS000000000018965 =990 ##$$a 0001/BPAP-NTB/2016 =005 20200210074037 =990 ##$$a 10606623 =035 ##$$a 0010-061300000018965 =990 ##$$a 1035714 =008 200210################g##########0#ind## =990 ##$$a 1035711 =041 ##$$a Ind =990 ##$$a 92353/BPAP-NTB/2014 =082 ##$$a 060 =990 ##$$a 10606622 =090 ##$$a 658.114, Ndr b =990 ##$$a 0001/BPAP-NTB/2015 =100 ##$$a Ndraha, Taliziduhu =990 ##$$a 0001/BPAP-NTB/2016 =245 1#$$a Budaya organisasi /$c Taliziduhu Ndraha =990 ##$$a 10606625 =260 ##$$a Jakarta :$b Rineka Cipta,$c 1997 =300 ##$$a xv, 169 hlm. : $b ilus. ; $c 14,5x20,5 =650 #4$$a Organisasi =850 ##$$a NBPNMAT =020 ##$$a 979-518-705-8 =084 ##$$a 060 NDR b =504 ##$$a Bibliografi : hlm. 162 - 169 =990 ##$$a 10606623 =990 ##$$a 1035714 =990 ##$$a 1035711 =990 ##$$a 92353/BPAP-NTB/2014 =990 ##$$a 10606622 =990 ##$$a 0001/BPAP-NTB/2015 =990 ##$$a 0001/BPAP-NTB/2016 =990 ##$$a 0001/BPAP-NTB/2016 =990 ##$$a 10606625 =990 ##$$a 10606623 =990 ##$$a 1035714 =990 ##$$a 1035711 =990 ##$$a 92353/BPAP-NTB/2014 =990 ##$$a 10606622 =990 ##$$a 0001/BPAP-NTB/2015 =990 ##$$a 0001/BPAP-NTB/2016 =990 ##$$a 0001/BPAP-NTB/2016 =990 ##$$a 10606625 =990 ##$$a 1035714 =990 ##$$a 10606623 =990 ##$$a 1035711 =990 ##$$a 92353/BPAP-NTB/2014 =990 ##$$a 10606622 =990 ##$$a 0001/BPAP-NTB/2015 =990 ##$$a 0001/BPAP-NTB/2016 =990 ##$$a 0001/BPAP-NTB/2016 =990 ##$$a 10606625 =990 ##$$a 1035711 =990 ##$$a 10606623 =990 ##$$a 1035714 =990 ##$$a 92353/BPAP-NTB/2014 =990 ##$$a 10606622 =990 ##$$a 0001/BPAP-NTB/2015 =990 ##$$a 0001/BPAP-NTB/2016 =990 ##$$a 0001/BPAP-NTB/2016 =990 ##$$a 10606625 =990 ##$$a 92353/BPAP-NTB/2014 =990 ##$$a 10606623 =990 ##$$a 1035714 =990 ##$$a 1035711 =990 ##$$a 10606622 =990 ##$$a 0001/BPAP-NTB/2015 =990 ##$$a 0001/BPAP-NTB/2016 =990 ##$$a 0001/BPAP-NTB/2016 =990 ##$$a 10606625 =990 ##$$a 0001/BPAP-NTB/2015 =990 ##$$a 10606623 =990 ##$$a 1035714 =990 ##$$a 1035711 =990 ##$$a 92353/BPAP-NTB/2014 =990 ##$$a 10606622 =990 ##$$a 0001/BPAP-NTB/2016 =990 ##$$a 0001/BPAP-NTB/2016 =990 ##$$a 10606625 =990 ##$$a 0001/BPAP-NTB/2016 =990 ##$$a 10606623 =990 ##$$a 1035714 =990 ##$$a 1035711 =990 ##$$a 92353/BPAP-NTB/2014 =990 ##$$a 10606622 =990 ##$$a 0001/BPAP-NTB/2015 =990 ##$$a 0001/BPAP-NTB/2016 =990 ##$$a 10606625 =990 ##$$a 0001/BPAP-NTB/2016 =990 ##$$a 10606623 =990 ##$$a 1035714 =990 ##$$a 1035711 =990 ##$$a 92353/BPAP-NTB/2014 =990 ##$$a 10606622 =990 ##$$a 0001/BPAP-NTB/2015 =990 ##$$a 0001/BPAP-NTB/2016 =990 ##$$a 10606625